000 00655nam a2200217 i 4500
001 66194
003 ES-MaACL
005 20250812094531.0
007 t|
008 040129s1983 sp ||||1| spa d
100 1 _aGala, Antonio,
_d1936-2023
_9226511
245 1 0 _aEn propia mano /
_cAntonio Gala ; prólogo de Juan Cueto.
250 _a2ª ed.
260 _aMadrid :
_bEspasa-Calpe,
_c1983.
300 _a433 p. :
_bretr. aut. ;
_c17 cm.
490 1 _aSelecciones austral ;
_v112
700 1 _aCueto, Juan,
_d1881-1937
_942076
830 0 _aSelecciones austral ;
_v112
_9176520
852 _aES-MaACL
_jL-4735
_bR.105439
999 _c66194
_d66194